000 00568nam a2200205 a 4500
005 20220531063707.0
008 040504s2001 mx r 000 0 spa d
020 _a9707100079
035 _aUPN01000133299
049 _aCG
050 4 _aPQ8519 B4
_bP4.3a
100 1 _aBenedetti, Mario,
_d1920-2009
245 1 0 _aPedro y el capitán /
_cMario Benedetti.
260 _aMéxico :
_bSuma de Letras,
_c2001.
300 _a105 p.
440 0 _aPunto de lectura ;
_v48.9
650 7 _aLiteratura uruguaya
_2
_95065
650 4 _aDRAMA URUGUAYO
_916397
905 _aLibro
999 _c105451
_d105451